000 01369cam a2200133 4500500
005 20260405085551.0
041 _afre
042 _adc
100 1 0 _aDucange, Jean-Numa
_eauthor
245 0 0 _aLa Révolution française et l'histoire du monde : Deux siècles de débats historiques et politiques 1815-1991
260 _bArmand Colin,
_c2014.
520 _aDepuis 1815, la question n’a cessé de hanter des générations d’historiens et responsables politiques à l’échelle internationale : comment écrire l’histoire de la Révolution française ? Au XIXe siècle, elle fascine et suscite la critique des révolutionnaires français mais aussi allemands, italiens, latino-américains et russes. Au XXe siècle avec la révolution de 1917 et le mouvement anticolonial, elle devient la référence obligée de toute réflexion sur un processus révolutionnaire. En parallèle, un mouvement vers une écriture scientifique des événements se fait jour, des États-Unis au Japon. Référence inscrite dans le « grand récit » hexagonal, la Révolution suscita ainsi une réception mondiale, où histoire et politique furent souvent liés. C’est de ce mouvement complexe dont cette synthèse entend rendre compte.
856 4 1 _uhttps://shs.cairn.info/La-revolution-francaise-et-l-histoire-du-monde--9782200257699?lang=fr&redirect-ssocas=7080
999 _c2198603
_d2198603